000 01808nam a22002777a 4500
003 OSt
005 20210225130430.0
008 20208b ||||| |||| 00| 0 spa d
020 _a9789945094343
040 _aDO-SdBNP
_bspa
_cBNPHU
082 4 _a343.0929
_bC227m
100 1 0 _aCanó Sención, Ángel S.
_977831
245 1 0 _aManual de derecho de la energìa :
_baspectos esenciales del sector elèctrico dominicano /
_cÁngel S. Canó Sención ; prólogo de Roberto Herrera Pablo
260 _aSanto Domingo :
_bPontificia Universidad Católica Madre y Maestra,
_c2020
300 _a368 p. :
_bil. ;
_c24 cm
500 _aIncluye referencias bibliográficas y notas al pie de las páginas
500 _aIncluye datos biográficos del autor en las solapas
505 _tCapítulo 1. De cara a un esquema de mercado --
_tCapítulo 2 - Marco regulatorio del sector eléctrico --
_tCapítulo 3 - Las áreas de negocios en el sector eléctrico --
_tCapítulo 4 - Las energías renovables --
_tCapítulo 5 - El mercado eléctrico --
_tCapítulo 6 - El organismo coordinador --
_tCapítulo 7 - Facultad sancionadora en el sector eléctrico --
_tCapítulo 8 - Revisión jurisdiccional e las decisiones administrativas en el sector eléctrico --
_tCapítulo 9 - Nuevosretos regulatorios --
_tCapítulo 10 - El pacto nacional para la reforma del sector eléctrico : Oportunidad para relanzar el sector ?
590 _aInventariado, 2021 / DG
650 4 _aRecursos energéticos
_xLegislación
_zRepública Dominicana
_977832
650 4 _aSector eléctrico
_xLegislación
_zRepública Dominicana
_977833
650 4 _aPolítica energética
_zRepública Dominicana
_977834
700 1 _aHerrera Pablo, Roberto
_epról.
_977835
910 _aInventariado, 2021 / DG /Validado. Control de calidad MFF
942 _2ddc
_cLBS1
999 _c49403
_d49403